| 000 | 00471nam a2200157 i 4500 | ||
|---|---|---|---|
| 001 | 141699 | ||
| 003 | ES-MaACL | ||
| 005 | 20230906200340.0 | ||
| 007 | t| | ||
| 008 | 070926s1969 sp ||||1| spa d | ||
| 100 | 1 |
_aVries, Barend A. de. _9115761 |
|
| 245 | 1 | 3 |
_aLa experiencia de los paises en desarrollo en materia de exportaciones / _cBarend A. de Vries. |
| 260 |
_aMadrid : _bTecnos, _c[1969] |
||
| 300 |
_a91 p. ; _c23 cm. |
||
| 852 |
_aES-MaACL _jC-36180 _bR.69146 |
||
| 999 |
_c141699 _d141699 |
||